Alture di Macchu Picchu / (Record n. 20224)
[ formato base ]
| 000 -LEADER | |
|---|---|
| fixed length control field | 00901nam a2200277 i 4500 |
| 003 - CONTROL NUMBER IDENTIFIER | |
| control field | IT-RoINE |
| 005 - DATE AND TIME OF LATEST TRANSACTION | |
| control field | 20171009071827.0 |
| 008 - FIXED-LENGTH DATA ELEMENTS--GENERAL INFORMATION | |
| fixed length control field | 040913s2004 it |r 001 p|mul|d |
| 020 ## - INTERNATIONAL STANDARD BOOK NUMBER | |
| International Standard Book Number | 8836808654 |
| 040 ## - CATALOGING SOURCE | |
| Transcribing agency | IT-RoINE |
| 041 1# - LANGUAGE CODE | |
| Language code of text/sound track or separate title | spa |
| -- | ita |
| 100 1# - MAIN ENTRY--PERSONAL NAME | |
| Personal name | Neruda, Pablo, |
| Relator code | aut |
| 9 (RLIN) | 33524 |
| Dates associated with a name | 1904-1973 |
| 240 ## - UNIFORM TITLE | |
| Uniform title | Canto general. |
| Language of a work | Italiano |
| 245 10 - TITLE STATEMENT | |
| Title | Alture di Macchu Picchu / |
| Statement of responsibility, etc | Pablo Neruda ; a cura di Giuseppe Bellini. |
| 260 ## - PUBLICATION, DISTRIBUTION, ETC. (IMPRINT) | |
| Place of publication, distribution, etc | Antella, °Bagno a Ripoli! : |
| Name of publisher, distributor, etc | Passigli, |
| Date of publication, distribution, etc | 2004. |
| 300 ## - PHYSICAL DESCRIPTION | |
| Extent | 69 p. ; |
| Dimensions | 19 cm. |
| 336 ## - CONTENT TYPE | |
| Source | rdacontent |
| Content type term | text |
| 337 ## - MEDIA TYPE | |
| Source | rdamedia |
| Media type term | unmediated |
| 338 ## - CARRIER TYPE | |
| Source | rdacarrier |
| Carrier type term | volume |
| 490 1# - SERIES STATEMENT | |
| Series statement | Le Occasioni. Piccola Biblioteca Passigli |
| 500 ## - GENERAL NOTE | |
| General note | Incluye índice. |
| 546 ## - LANGUAGE NOTE | |
| Language note | Texto en español y traducción en italiano. |
| 700 1# - ADDED ENTRY--PERSONAL NAME | |
| Personal name | Bellini, Giuseppe, |
| Dates associated with a name | 1923- |
| 9 (RLIN) | 39993 |
| 830 #3 - SERIES ADDED ENTRY--UNIFORM TITLE | |
| Uniform title | Occasioni. |
| Name of part/section of a work | Piccola Biblioteca Passigli |
| 9 (RLIN) | 33269 |
| 942 ## - ADDED ENTRY ELEMENTS (KOHA) | |
| Item type | Monografías |
| Withdrawn status | Lost status | Damaged status | Not for loan | Home library | Current library | Date acquired | Total Checkouts | Full call number | Barcode | Date last seen | Price effective from | Koha item type |
|---|---|---|---|---|---|---|---|---|---|---|---|---|
| Iglesia Nacional Española en Roma | Iglesia Nacional Española en Roma | 09/10/2017 | LEN.LIT 1041 | 44601 | 09/10/2017 | 09/10/2017 | Monografías |